000 00501nam a2200193Ia 4500
008 151121s9999||||xx |||||||||||||| ||und||
082 _a920/MAN
082 _bHNW-32579
100 _aMasani Shakukntala
245 4 _aThe Story Of Indira
260 _b"Vikas Pub। House Pvt। Ltd।, N। Delhi।"
260 _c--
300 _a164
600 _aMasani Shakukntala
630 _aThe Story Of Indira
700 _aMasani Shakukntala
730 _aThe Story Of Indira
942 _cBOOK
999 _c1226077
_d1226074